Something out of place : women and disgust (Record no. 85840)
[ view plain ]
| 000 -LEADER | |
|---|---|
| fixed length control field | 01477 a2200241 4500 |
| 003 - CONTROL NUMBER IDENTIFIER | |
| control field | CBULib |
| 005 - DATE AND TIME OF LATEST TRANSACTION | |
| control field | 20241211093322.0 |
| 008 - FIXED-LENGTH DATA ELEMENTS--GENERAL INFORMATION | |
| fixed length control field | 241211b |||||||| |||| 00| 0 eng d |
| 020 ## - INTERNATIONAL STANDARD BOOK NUMBER | |
| International Standard Book Number | 9781788162869 |
| 040 ## - CATALOGING SOURCE | |
| Original cataloging agency | CBULib |
| Language of cataloging | English |
| Transcribing agency | CBULib |
| Description conventions | rda |
| 050 ## - LIBRARY OF CONGRESS CALL NUMBER | |
| Classification number | HQ 1154 Mcb |
| 100 ## - MAIN ENTRY--PERSONAL NAME | |
| Personal name | McBride, Eimear |
| 9 (RLIN) | 4211 |
| 245 ## - TITLE STATEMENT | |
| Title | Something out of place : women and disgust |
| Statement of responsibility, etc | / by Eimear McBride |
| 260 ## - PUBLICATION, DISTRIBUTION, ETC. (IMPRINT) | |
| Name of publisher, distributor, etc | Profile Books Ltd. : in association with Wellcome Collection, |
| Date of publication, distribution, etc | 2021 |
| Place of publication, distribution, etc | London : |
| 300 ## - PHYSICAL DESCRIPTION | |
| Extent | 170 pages |
| 336 ## - CONTENT TYPE | |
| Source | rdacontent |
| Content type term | Text | |
| Content type code | txt |
| 337 ## - MEDIA TYPE | |
| Source | rdamedia |
| Media type term | Unmediated | |
| Media type code | n |
| 338 ## - CARRIER TYPE | |
| Source | rdacarrier |
| Carrier type term | Volume |
| Carrier type code | nc |
| 500 ## - GENERAL NOTE | |
| General note | Summary: "Here, Eimear McBride unpicks the contradictory forces of disgust and objectification that control and shame women. From playground taunts of 'only sluts do it' but 'virgins are frigid', to ladette culture, and the arrival of 'ironic' porn, via Debbie Harry, the Kardashians and the Catholic church-- she looks at how this prejudicial messaging has played out in the past, and still surrounds us today. In this subversive essay, McBride asks-- are women still damned if we do, damned if we don't? How can we give our daughters (and sons) the unbounded futures we want for them? And, in this moment of global crisis, might our gift for juggling contradiction help us to find a way forward?"--Publisher's description. |
| 650 #0 - SUBJECT ADDED ENTRY--TOPICAL TERM | |
| 9 (RLIN) | 4212 |
| Topical term or geographic name as entry element | WOMEN--SOCIALIZATION |
| 650 #0 - SUBJECT ADDED ENTRY--TOPICAL TERM | |
| 9 (RLIN) | 1763 |
| Topical term or geographic name as entry element | WOMEN--SOCIAL CONDITIONS |
| 942 ## - ADDED ENTRY ELEMENTS (KOHA) | |
| Source of classification or shelving scheme | |
| Koha item type | MONOGRAPH |
| Withdrawn status | Lost status | Source of classification or shelving scheme | Damaged status | Not for loan | Collection code | Permanent Location | Current Location | Shelving location | Date acquired | Source of acquisition | Total Checkouts | Full call number | Barcode | Date last seen | Copy number | Price effective from | Koha item type |
|---|---|---|---|---|---|---|---|---|---|---|---|---|---|---|---|---|---|
| CBU-Lusaka Campus | CBU- LUSAKA CAMPUS | CBU-MAIN LIBRARY, KITWE. | General Stacks | 12/11/2024 | Book Aid International | HQ 1154 Mcb | 753201 | 12/11/2024 | 1 | 12/11/2024 | MONOGRAPH | ||||||
| CBU-Lusaka Campus | CBU- LUSAKA CAMPUS | CBU-MAIN LIBRARY, KITWE. | General Stacks | 12/11/2024 | Book Aid International | HQ 1154 Mcb | 753202 | 12/11/2024 | 2 | 12/11/2024 | MONOGRAPH |